<?xml version="1.0" encoding="UTF-8"?>
<record
    xmlns:xsi="http://www.w3.org/2001/XMLSchema-instance"
    xsi:schemaLocation="http://www.loc.gov/MARC21/slim http://www.loc.gov/standards/marcxml/schema/MARC21slim.xsd"
    xmlns="http://www.loc.gov/MARC21/slim">

  <leader>00666nam a2200169Ia 4500</leader>
  <controlfield tag="008">090711s9999    xx            000 0 und d</controlfield>
  <datafield tag="082" ind1=" " ind2=" ">
    <subfield code="b">34702</subfield>
  </datafield>
  <datafield tag="100" ind1=" " ind2=" ">
    <subfield code="a">&#x926;&#x938;&#x928;&#x942;&#x930;&#x915;&#x930; &#x926;. &#x917;&#x94B;.</subfield>
  </datafield>
  <datafield tag="245" ind1=" " ind2=" ">
    <subfield code="a">&#x906;&#x92A;&#x932;&#x947; &#x92E;&#x939;&#x93E;&#x92D;&#x93E;&#x930;&#x924; ( &#x935;&#x93F;&#x930;&#x93E;&#x91F; &#x92A;&#x930;&#x94D;&#x935; )</subfield>
  </datafield>
  <datafield tag="260" ind1=" " ind2=" ">
    <subfield code="b">&#x92E;&#x939;&#x93E;&#x930;&#x93E;&#x937;&#x94D;&#x91F;&#x94D;&#x930; &#x917;&#x94D;&#x930;&#x902;&#x925; &#x92D;&#x93E;&#x902;&#x921;&#x93E;&#x930;</subfield>
    <subfield code="c">1969</subfield>
  </datafield>
  <datafield tag="300" ind1=" " ind2=" ">
    <subfield code="a">240</subfield>
  </datafield>
  <datafield tag="600" ind1=" " ind2=" ">
    <subfield code="a">&#x926;&#x938;&#x928;&#x942;&#x930;&#x915;&#x930; &#x926;. &#x917;&#x94B;.</subfield>
  </datafield>
  <datafield tag="630" ind1=" " ind2=" ">
    <subfield code="a">&#x906;&#x92A;&#x932;&#x947; &#x92E;&#x939;&#x93E;&#x92D;&#x93E;&#x930;&#x924; ( &#x935;&#x93F;&#x930;&#x93E;&#x91F; &#x92A;&#x930;&#x94D;&#x935; )</subfield>
  </datafield>
  <datafield tag="700" ind1=" " ind2=" ">
    <subfield code="a">&#x926;&#x938;&#x928;&#x942;&#x930;&#x915;&#x930; &#x926;. &#x917;&#x94B;.</subfield>
  </datafield>
  <datafield tag="730" ind1=" " ind2=" ">
    <subfield code="a">&#x906;&#x92A;&#x932;&#x947; &#x92E;&#x939;&#x93E;&#x92D;&#x93E;&#x930;&#x924; ( &#x935;&#x93F;&#x930;&#x93E;&#x91F; &#x92A;&#x930;&#x94D;&#x935; )</subfield>
  </datafield>
  <datafield tag="942" ind1=" " ind2=" ">
    <subfield code="c">BOOK</subfield>
  </datafield>
  <datafield tag="999" ind1=" " ind2=" ">
    <subfield code="c">327130</subfield>
    <subfield code="d">327130</subfield>
  </datafield>
  <datafield tag="952" ind1=" " ind2=" ">
    <subfield code="0">0</subfield>
    <subfield code="1">0</subfield>
    <subfield code="4">0</subfield>
    <subfield code="7">0</subfield>
    <subfield code="a">DASAVA</subfield>
    <subfield code="b">DASAVA</subfield>
    <subfield code="d">2009-07-11</subfield>
    <subfield code="g">7.00</subfield>
    <subfield code="l">0</subfield>
    <subfield code="o">34702</subfield>
    <subfield code="p">DASAVA-34702</subfield>
    <subfield code="r">2009-07-11 00:00:00</subfield>
    <subfield code="v">7.00</subfield>
    <subfield code="w">2009-07-11</subfield>
    <subfield code="y">BOOK</subfield>
  </datafield>
</record>
